Diccionario de Derecho del Trabajo y de la Seguridad Social : con legislación, fallos plenarios y cita de doctrina. /

Guardado en:
Autor Principal: Rubinstein, Santiago J.
Formato: Libro
Idioma:Spanish
Publicado: Buenos Aires : Depalma, 1983
Materias:
Etiquetas: Agregar Etiqueta
Sin Etiquetas, Sea el primero en etiquetar este registro!
LEADER 00493nam a22001335a 4500
001 DER.der013243
008 180615s1983####ag#||||||||||||||#||spa||
005 20251114154742.0
245 1 0 |a Diccionario de Derecho del Trabajo y de la Seguridad Social :  |b con legislación, fallos plenarios y cita de doctrina. /  |c Santiago J. Rubinstein. 
260 |a Buenos Aires :  |b Depalma,  |c 1983 
300 |a 226 p. 
100 1 |a Rubinstein, Santiago J. 
650 7 |a DICCIONARIOS 
859 |a DERECHO  |b BIB. DERECHO  |h 340.03  |i RUB  |p 008167